000 00419nam a2200157Ia 4500
008 220216s9999 xx 000 0 und d
100 _aAprem A S
245 2 _aA New binary accelerator system for sulphur vulcanization of natural rubber
260 _bKautschuk Gummi Kunststoffe
_c1999
300 _a576-585
700 _aJoseph K
700 _aMathew G
700 _aMathew G
700 _aThomas S
942 _cJS
999 _c53417
_d53417